000 00296nam a22001337a 4500
008 170707b xxu||||| |||| 00| 0 eng d
020 _a9780312677305
041 _aeng
080 _24TH
_a82
100 _a22
101 _aGJL
245 _aMAKING LITERATURE MATTER
_cSCHILB,J
942 _2udc
_cBK
999 _c20041
_d20041